00645cam a2200205 a 45000010005000000030009000050050017000140080041000310200015000720400028000870820021001151000024001362450103001602600041002633000048003045000020003526500027003727000022003997000018004214398BD-DhUAP20201224152903.0201224s2000 maua b 001 0 eng  a0070214417 aDLCcDLCdBD-DhUAPbeng00a658.1511 EDM223 aEdmonds, Thomas P.  aFundamental managerial accounting concepts /cThomas P. Edmonds, Cindy D. Edmonds and Bor-Yi Tsay. aBoston :bIrwin/McGraw-Hill,cc2000. axxvii, 625 pages :billustrations ;c26 cm. aIncludes index. aManagerial accounting. aEdmonds, Cindy D. aTsay, Bor-Yi.